What Character Uses this Weapon? - Statistics

General Stats
  • This quiz has been taken 17 times
  • The average score is 14 of 21
Answer Stats
Picture Answer % Correct
Batman
100%
Captain America
100%
Green Lantern
100%
Thor
100%
Wolverine
100%
Iron Man
93%
Thanos
93%
Aquaman
87%
Hawkeye
87%
Luke Skywalker
87%
Wonder Woman
87%
Harley Quinn
67%
Loki
60%
Kylo Ren
53%
Catwoman
47%
Star-Lord
40%
Nightwing
27%
Robin
27%
Scarecrow
20%
Master Chief
13%
Gamora
7%
No matching quizzes found
Score Distribution
Percent of People with Each Score
Percentile by Number Answered
Your Score History
You have not taken this quiz